| 000 | 00000nam##2200000za#4500 |
| 001 | 9.680581 |
| 003 | CaOODSP |
| 005 | 20220107134006 |
| 007 | ta |
| 008 | 150407|1999||||xxc||||| f|0| 0 fre|d |
| 020 | |a0-662-83267-1 |
| 040 | |aCaOODSP|bfre |
| 043 | |an-cn--- |
| 086 | 1 |aH72-21/163-1998F |
| 110 | 2 |aCentre national d'information sur la violence dans la famille (Canada) |
| 245 | 10|aLes enfants exposés à la violence conjugale et familiale : |bguide à l'intention des éducateurs et des intervenants en santé et en services sociaux |
| 260 | |aOttawa - Ontario : |bSanté Canada. |c1999. |
| 300 | |avii, 71p. : |bréférences, tableaux ; |c28 cm. |
| 500 | |a«Ce guide a pour objet d'aider les collectivités et les intervenants de première ligne à réagir plus efficacement au problème des enfants témoins d'actes de violence. Grâce à des stratégies d'intervention précoces et plus nuancées, les collectivités pourraient réduire l'effet immédiate et à long terme de ces expériences traumatiques.»--Page 6. |
| 520 | 3 |aCe guide a pour objet d'aider les collectivités et les intervenants de première ligne à réagir plus efficacement au problème des enfants témoins d'actes de violence. Grâce à des stratégies d'intervention précoces et plus nuancées, les collectivités pourraient réduire l'effet immédiate et à long terme de ces expériences traumatiques.--Page 6 |
| 563 | |aCouverture souple |
| 590 | |a99-45|b1999-11-12 |
| 691 | 07|aDéveloppement de l'enfant|2gcpds |
| 691 | 07|aViolence familiale|2gcpds |
| 775 | 08|tHandbook for health and social service providers and educators on children exposed to woman abuse/family violence |w(CaOODSP)9.647144 |
| 776 | 0#|tLes enfants exposés à la violence conjugale et familiale : |w(CaOODSP)9.639839 |